000 00375 a2200145 4500
001 170433
020 _a
040 _cMagnum
100 _a-
240 1 0 _aRevista de educacao aec/um paradigma para a escola do seculo xxi!?...
_lpor
245 1 0 _aRevista de educacao aec/um paradigma para a escola do seculo xxi!?...
362 0 _a1899
697 _aENSINO
942 _cBK
999 _c170433
_d170433